000 00880nam a2200253 a 4500
001 000024385
005 20200930022949.0
008 110126s1972 sp r 000 0 spa d
040 _aDO-SdBNP
_bspa
_cBNPHU
041 1 7 _aspa
_heng
_2Código de idioma MARC
082 _a297.63
_bS713q
100 1 _aSordi, Italo
_950008
240 1 0 _aChe cosa ha vermente detto Mahoma.
_lEspañol.
245 1 0 _aQué ha dicho verdaderamente Mahoma /
_cI. Sordi ; traducción, María Esther Benítez.
260 _aMadrid :
_bDoncel,
_c1972.
300 _a185, [7] p. ;
_c18 cm.
490 1 _aQué ha dicho verdaderamente ;
_v13
534 _aTítulo original:
_tChe cosa ha vermente detto Mahoma
504 _aBibliografías: p. 183-185
650 4 _aIslamismo
_941536
700 1 _aBenítez, María Esther
_etr.
_933186
830 0 _aQué ha dicho verdaderamente
_v13
_933187
049 _aBNGR
999 _c23878
_d23878